Megalakult a fiatal műszakiak tanácsa
Elmentve itt :
| Dokumentumtípus: | Cikk |
|---|---|
| Megjelent: |
1961-05-04
|
| Sorozat: | Délmagyarország
|
| Kulcsszavak: | Műszaki továbbképzés fiataloknak 1961 |
| Online Access: | http://dmarchiv.bibl.u-szeged.hu/54825 |
| LEADER | 00424nab a2200145 i 4500 | ||
|---|---|---|---|
| 001 | delm54825 | ||
| 005 | 20180927141859.0 | ||
| 008 | 180927s1961 hu o 0|| hun d | ||
| 040 | |a SZTE Délmagyarország Archívum |b hun | ||
| 041 | |a hun | ||
| 245 | 0 | 0 | |a Megalakult a fiatal műszakiak tanácsa |h [elektronikus dokumentum] |
| 260 | |c 1961-05-04 | ||
| 300 | |a 5 | ||
| 490 | 0 | |a Délmagyarország | |
| 695 | |a Műszaki továbbképzés fiataloknak 1961 | ||